000
00382nam a2200157 a 4500
005
20140414132056.0
008
100520s19uu xx 00 eng d
050
_a
REF 601.12
_b
T33 2000
100
_a
Tambini, Michael
245
_a
Future.
260
_a
Milwaukee, WI :
_b
Gareth Stevens.
440
_a
Eyewitness books
650
_a
Future
999
_c
114330
_d
114330